| 000 | 00403nam a22001697a 4500 | ||
|---|---|---|---|
| 005 | 20260318135623.0 | ||
| 008 | 160520b xxu||||| |||| 00| 0 eng d | ||
| 020 | _a978-81-317-3448-3 | ||
| 041 | _aeng | ||
| 082 | _b3382 | ||
| 100 |
_aFloyed T.L. _9847 |
||
| 245 | _aDigital Fundamental | ||
| 260 |
_aDelhi _bPearson Education, |
||
| 300 | _a659 | ||
| 650 |
_aDIPLOMA ENGINEERING _9817 |
||
| 942 | _cBK | ||
| 999 |
_c1162 _d1162 |
||